FAR'S PHYSICS FOR MEDICAL IMAGING / (Record no. 1151432)

MARC details
000 -LEADER
fixed length control field 00396nam a2200157Ia 4500
008 - FIXED-LENGTH DATA ELEMENTS--GENERAL INFORMATION
fixed length control field 240322s2024 xx 000 0 und d
020 ## - INTERNATIONAL STANDARD BOOK NUMBER
International Standard Book Number 9788131269098
041 ## - LANGUAGE CODE
Language code of text/sound track or separate title eng
082 ## - DEWEY DECIMAL CLASSIFICATION NUMBER
Classification number 616.0757,YUC
100 ## - MAIN ENTRY--PERSONAL NAME
Personal name YUCEL A., MIKIDDIE F., PRESCOTT S. .
245 ## - TITLE STATEMENT
Title FAR'S PHYSICS FOR MEDICAL IMAGING /
250 ## - EDITION STATEMENT
Edition statement 3
260 ## - PUBLICATION, DISTRIBUTION, ETC.
Name of publisher, distributor, etc. ELSEVIER2024
Date of publication, distribution, etc. 2024
562 ## - COPY AND VERSION IDENTIFICATION NOTE
Number of copies 1
650 ## - SUBJECT ADDED ENTRY--TOPICAL TERM
Topical term or geographic name entry element RADIOLOGY
Holdings
Withdrawn status Lost status Damaged status Not for loan Collection Home library Current library Date acquired Source of acquisition Cost, normal purchase price Total Checkouts Full call number Barcode Date last seen Price effective from Koha item type
          Medical College & Hospital, Sangli Medical College & Hospital, Sangli 22/03/2024 B.M.S.G.B.PUNE 1125.00   616.0757,YUC MCS-16977 22/03/2024 22/03/2024 Book